000 00281nam a22001337a 4500
008 180927b xxu||||| |||| 00| 0 eng d
020 _a9780029079713
041 _aeng
080 _a316
100 _a50
101 _aSOC
245 _aIntercourse
_cDworkin, A
942 _2udc
_cBK
999 _c48580
_d48580